|
|
|
|
| LEADER |
00000cam a22000008i 4500 |
| 001 |
JSTOR_on1035819084 |
| 003 |
OCoLC |
| 005 |
20231005004200.0 |
| 006 |
m o d |
| 007 |
cr ||||||||||| |
| 008 |
180514s2018 idu o 000 1 eng |
| 010 |
|
|
|a 2018023176
|
| 040 |
|
|
|a DLC
|b eng
|e rda
|e pn
|c DLC
|d OCLCO
|d N$T
|d EBLCP
|d N$T
|d YDX
|d TEFOD
|d OCLCF
|d MERUC
|d UAB
|d JSTOR
|d OCLCQ
|d K6U
|d OCLCQ
|d UX1
|d OCLCO
|d NZAUC
|d OCLCQ
|d OCL
|
| 019 |
|
|
|a 1051136714
|a 1175636817
|
| 020 |
|
|
|a 9780268104078
|q (electronic bk.)
|
| 020 |
|
|
|a 0268104077
|q (electronic bk.)
|
| 020 |
|
|
|a 9780268104085
|q (electronic bk.)
|
| 020 |
|
|
|a 0268104085
|q (electronic bk.)
|
| 020 |
|
|
|z 9780268104054
|q (hardback ;
|q alk. paper)
|
| 035 |
|
|
|a (OCoLC)1035819084
|z (OCoLC)1051136714
|z (OCoLC)1175636817
|
| 037 |
|
|
|a 78958295-C5D0-420C-89C9-65FF413F7A8C
|b OverDrive, Inc.
|n http://www.overdrive.com
|
| 037 |
|
|
|a 22573/ctvpgmt14
|b JSTOR
|
| 042 |
|
|
|a pcc
|
| 050 |
1 |
0 |
|a PS3563.O88163
|
| 072 |
|
7 |
|a FIC
|x 000000
|2 bisacsh
|
| 072 |
|
7 |
|a FIC
|x 029000
|2 bisacsh
|
| 072 |
|
7 |
|a FIC
|x 066000
|2 bisacsh
|
| 072 |
|
7 |
|a LIT
|x 024050
|2 bisacsh
|
| 072 |
|
7 |
|a LIT
|x 024060
|2 bisacsh
|
| 082 |
0 |
0 |
|a 813/.54
|2 23
|
| 049 |
|
|
|a UAMI
|
| 100 |
1 |
|
|a Mort, John,
|d 1947-
|e author.
|
| 240 |
1 |
0 |
|a Short stories.
|k Selections
|
| 245 |
1 |
0 |
|a Down along the piney :
|b Ozarks stories /
|c John Mort.
|
| 263 |
|
|
|a 1808
|
| 264 |
|
1 |
|a Notre Dame, Indiana :
|b University of Notre Dame Press,
|c 2018.
|
| 300 |
|
|
|a 1 online resource
|
| 336 |
|
|
|a text
|b txt
|2 rdacontent
|
| 337 |
|
|
|a computer
|b n
|2 rdamedia
|
| 338 |
|
|
|a online resource
|b nc
|2 rdacarrier
|
| 490 |
0 |
|
|a The Richard Sullivan Prize in Short Fiction
|
| 588 |
0 |
|
|a Print version record and CIP data provided by publisher; resource not viewed.
|
| 505 |
0 |
|
|a Cover; Half Title; Series Page; Title Page; Copyright; Dedication; Contents; Acknowledgments; Pitchblende; The Hog Whisperer; Mission to Mars; Red Rock Valley; Home Place; Behind Enemy Lines; Blackberries; The Painter; The Truth; Take the Man Out and Shoot Him; The Book Club; Mariposa; The Hidden Kingdom; Author Bio
|
| 590 |
|
|
|a JSTOR
|b Books at JSTOR Demand Driven Acquisitions (DDA)
|
| 590 |
|
|
|a JSTOR
|b Books at JSTOR All Purchased
|
| 590 |
|
|
|a JSTOR
|b Books at JSTOR Evidence Based Acquisitions
|
| 650 |
|
0 |
|a Small citites
|v Fiction.
|
| 650 |
|
0 |
|a Short stories.
|
| 650 |
|
6 |
|a Nouvelles.
|
| 650 |
|
7 |
|a short stories.
|2 aat
|
| 650 |
|
7 |
|a FICTION
|x General.
|2 bisacsh
|
| 650 |
|
7 |
|a FICTION
|x Short Stories (single author)
|2 bisacsh
|
| 650 |
|
7 |
|a Short stories.
|2 fast
|0 (OCoLC)fst01117043
|
| 655 |
|
0 |
|a Electronic books.
|
| 655 |
|
7 |
|a Short stories.
|2 fast
|0 (OCoLC)fst01726740
|
| 655 |
|
7 |
|a Fiction.
|2 fast
|0 (OCoLC)fst01423787
|
| 655 |
|
7 |
|a Short stories.
|2 lcgft
|
| 776 |
0 |
8 |
|i Print version:
|a Mort, John, 1947-
|t Down along the piney.
|d Notre Dame, Indiana : University of Notre Dame Press, 2018
|z 9780268104054
|w (DLC) 2018021933
|
| 856 |
4 |
0 |
|u https://jstor.uam.elogim.com/stable/10.2307/j.ctvpj788j
|z Texto completo
|
| 938 |
|
|
|a YBP Library Services
|b YANK
|n 20404570
|
| 938 |
|
|
|a ProQuest Ebook Central
|b EBLB
|n EBL7241292
|
| 938 |
|
|
|a ProQuest Ebook Central
|b EBLB
|n EBL5504921
|
| 938 |
|
|
|a EBSCOhost
|b EBSC
|n 1801620
|
| 938 |
|
|
|a YBP Library Services
|b YANK
|n 15688947
|
| 994 |
|
|
|a 92
|b IZTAP
|